| 000 | 00644nam a22002057a 4500 | ||
|---|---|---|---|
| 003 | OSt | ||
| 005 | 20260216060755.0 | ||
| 008 | 260216b |||||||| |||| 00| 0 eng d | ||
| 040 |
_aDWC-Main lib _cOC |
||
| 082 | _aFil. 410 M871 2021 | ||
| 100 | _aAbay, Christine Joy M. | ||
| 245 |
_aMorpolohiyang filipino/ _cChristine Joy M. Abay |
||
| 260 |
_a[no place of publication]: _b [no publisher], _c c2021 |
||
| 300 |
_a229 pages: _billustrations; _c27 cm. |
||
| 504 | _aIncludes bibliographical references. | ||
| 650 | _a1.Linguistics | ||
| 700 | _aVictoria A. Vasil | ||
| 700 | _a[AND SIXTEEN OTHERS] | ||
| 942 |
_2ddc _cBK - FIL _kFil. _n0 |
||
| 999 |
_c8420 _d8420 |
||